| 000 | 00757cam a2200277 a 4500 | ||
|---|---|---|---|
| 999 |
_c7115 _d7115 |
||
| 001 | 7115 | ||
| 003 | BD-JhCC | ||
| 005 | 20221115134023.0 | ||
| 008 | 850731s1986 maua 001 0 eng | ||
| 020 | _a0316514543 (pbk.) | ||
| 035 | _a(BD-JhCC)7115 | ||
| 040 |
_aDLC _cDLC _dDLC _d(BD-JhCC) |
||
| 041 | _aeng | ||
| 050 | 0 | 0 |
_aPE1408 _b.L3188 1986 |
| 082 | 0 | 0 |
_a808/.042 _219 _bLAN 1986 |
| 100 | 1 | _aLannon, John M. | |
| 245 | 1 | 4 |
_aThe writing process : _ba concise rhetoric / _cJohn M. Lannon. |
| 250 | _a2nd ed. | ||
| 260 |
_aBoston : _bLittle, Brown, _cc1986. |
||
| 300 |
_axiv, 457 p. : _bill. ; _c22 cm. |
||
| 500 | _aIncludes index. | ||
| 650 | 0 |
_aEnglish language _xRhetoric. |
|
| 650 | 0 | _aReport writing. | |
| 942 |
_2ddc _cBK _05 |
||